Konzekvencie internetovej ekonomiky na trhové služby v SR dizertačná práca

Saved in:
Bibliographic Details
Main Author: Benkovičová, Katarína
Corporate Author: Obchodná fakulta EU. Katedra služieb a cestovného ruchu - zrušené
Other Authors: Benešová, Dana, 1958-
Format: Book
Language:Slovak
Published: Bratislava 2017
Subjects:
Tags: Add Tag
No Tags, Be the first to tag this record!

MARC

LEADER 00000nbm a2200000 4500
001 0234294
005 20240502073812.0
041 0 |a slo 
044 |a SK 
245 1 0 |a Konzekvencie internetovej ekonomiky na trhové služby v SR  |b dizertačná práca  |c Katarína Benkovičová ; školiteľ: Dana Benešová 
264 1 |a Bratislava  |c 2017 
300 |a 147 s. 
610 2 0 |a podnikanie 
610 2 0 |a služby trhové 
610 2 0 |a digitalizácia 
610 2 0 |a internet 
610 2 0 |a podnikanie elektronické 
610 2 0 |a obchod elektronický 
610 2 0 |a Slovensko 
100 1 |a Benkovičová, Katarína 
700 1 |a Benešová, Dana, 1958- 
710 2 |a Obchodná fakulta EU. Katedra služieb a cestovného ruchu - zrušené